Datum a čas kvízu

27 Celkem bodů Celkový počet nahraných bodů na tomto kvízu bez doplňovacích otázek.
7. Pořadí na kvízu Konečné umístění týmu na tomto kvízu.

Zaznamenané odpovědi

# Otázka Odpověď Body Výsledky
1. „Pro ___. Ne pro ___." Doplňte... vás; politiky 1
2. Americký ministr zdravotnictví... D 1
3. Napište jméno skotského herce... Iain Glen; Hra o trůny 1
4. Kterou americkou komunikační p... WhatsApp 1
5. 41letý americký basketbalista... LeBron James 0
6. Hned v úvodu bod rozdělíme: za... Ulánbátar; Altaj 0.5
7. Z následujících možností vyber... A 1
8. Jak se jmenuje hudební skupina... The Hu 1
9. Tato obydlí se v Mongolsku ozn... jurta 0
10. Jak se jmenuje česká spisovate... Petra Hůlová 1